| 000 | 01451nam a2200409 c 4500 | ||
|---|---|---|---|
| 001 | 53026 | ||
| 003 | ES-MaCES | ||
| 005 | 20250203132935.0 | ||
| 008 | 000000s2023 sp 000 | spa d | ||
| 017 |
_aMU 1096-2023 _bDL |
||
| 020 | _a9788419145727 | ||
| 040 |
_aES-MaCES _bspa _cES-MaCES |
||
| 100 | 1 |
_918830 _aMonereo Pérez, José Luis |
|
| 245 | 1 | 3 |
_aEl ingreso mínimo vital _cJosé Luis Monereo Pérez, Guillermo Rodríguez Iniesta, Andrés Ramón Trillo García |
| 250 | _a2ª ed | ||
| 260 |
_aMurcia _bLaborum _c2023 |
||
| 300 |
_a457 p. _c24 cm |
||
| 490 | 1 | _aColección Trabajos de investigación | |
| 504 | _aBibliografía: p. 439-457 | ||
| 541 | _cCompra | ||
| 650 | 4 |
_aingreso garantizado _929342 |
|
| 650 | 4 |
_aprotección social _929076 |
|
| 650 | 4 |
_aseguridad social _927034 |
|
| 650 | 4 |
_aasistencia social _929003 |
|
| 650 | 4 |
_apolítica social _927029 |
|
| 650 | 4 |
_aEspaña _926964 |
|
| 650 | 4 |
_alegislación de seguridad social _929855 |
|
| 650 | 4 |
_acampo de aplicación _930263 |
|
| 650 | 4 |
_arégimen jurídico _929894 |
|
| 653 | 1 | 0 | _aDerecho del trabajo y Seguridad Social |
| 700 | 1 |
_922367 _aRodriguez Iniesta, Guillermo |
|
| 700 | 1 |
_925181 _aTrillo García, Andrés Ramón |
|
| 775 |
_tEl ingreso mínimo vital en el sistema de protección social _w(ES-MaCES)51792 |
||
| 830 | 0 |
_940607 _aColección Trabajos de Investigación (Ediciones Laborum) |
|
| 902 | _aLIB Libro | ||
| 942 |
_2CES _cBK _h6.0.1. |
||
| 999 |
_c53026 _d53026 |
||